<?xml version="1.0" encoding="UTF-8"?>
<record
    xmlns:xsi="http://www.w3.org/2001/XMLSchema-instance"
    xsi:schemaLocation="http://www.loc.gov/MARC21/slim http://www.loc.gov/standards/marcxml/schema/MARC21slim.xsd"
    xmlns="http://www.loc.gov/MARC21/slim">

  <leader>01080naa a22002177a 4500</leader>
  <controlfield tag="003">BPK</controlfield>
  <controlfield tag="005">20160301100035.0</controlfield>
  <controlfield tag="008">160301b1983    pl ||||| |||| 10| 0 pol  </controlfield>
  <datafield tag="040" ind1=" " ind2=" ">
    <subfield code="c">BPK</subfield>
  </datafield>
  <datafield tag="080" ind1=" " ind2=" ">
    <subfield code="a">658.78</subfield>
  </datafield>
  <datafield tag="100" ind1=" " ind2=" ">
    <subfield code="a">MALEPSZY, Bonifacy.</subfield>
    <subfield code="d">1971 - 1996.</subfield>
    <subfield code="b">Wy&#x17C;sza Szko&#x142;a In&#x17C;ynierska w Koszalinie - Instytut Budownictwa,</subfield>
    <subfield code="c">Zak&#x142;ad Ekonomiki i Organizacji Budownictwa</subfield>
  </datafield>
  <datafield tag="245" ind1=" " ind2=" ">
    <subfield code="a">Rozmieszczenie dzielnic i zespo&#x142;&#xF3;w magazynowych w miastach intensywnego rozwoju /</subfield>
    <subfield code="c">Bonifacy Malepszy.</subfield>
  </datafield>
  <datafield tag="260" ind1=" " ind2=" ">
    <subfield code="c">1983.</subfield>
  </datafield>
  <datafield tag="500" ind1=" " ind2=" ">
    <subfield code="a">Dane z kartoteki bpp.</subfield>
  </datafield>
  <datafield tag="650" ind1=" " ind2="0">
    <subfield code="a">Gospodarka magazynowa.</subfield>
  </datafield>
  <datafield tag="650" ind1=" " ind2="0">
    <subfield code="a">Miasta.</subfield>
  </datafield>
  <datafield tag="655" ind1=" " ind2="0">
    <subfield code="a">Materia&#x142;y konferencyjne.</subfield>
  </datafield>
  <datafield tag="711" ind1=" " ind2=" ">
    <subfield code="a">Og&#xF3;lnopolska Konferencja : Modernizacja i adaptacja istniej&#x105;cych zespo&#x142;&#xF3;w przemys&#x142;owych w miastach intensywnego rozwoju</subfield>
    <subfield code="d">(1982.09.04-05 ;</subfield>
    <subfield code="c">Drzonkowo k/Zielonej G&#xF3;ry, Polska).</subfield>
  </datafield>
  <datafield tag="773" ind1=" " ind2=" ">
    <subfield code="i">W :</subfield>
    <subfield code="t">Modernizacja i adaptacja istniej&#x105;cych zespo&#x142;&#xF3;w przemys&#x142;owych w miastach intensywnego rozwoju : Og&#xF3;lnopolska Konferencja. -</subfield>
    <subfield code="d">Zielona G&#xF3;ra : TUP, 1983. -</subfield>
    <subfield code="g">s. 45-56</subfield>
  </datafield>
  <datafield tag="942" ind1=" " ind2=" ">
    <subfield code="c">ART</subfield>
    <subfield code="2">UKD</subfield>
  </datafield>
  <datafield tag="999" ind1=" " ind2=" ">
    <subfield code="c">7409</subfield>
    <subfield code="d">7409</subfield>
  </datafield>
</record>
